| 000 | 00489pam a2200181 a 4500 | ||
|---|---|---|---|
| 020 | _a083480168X | ||
| 040 | _cDLC | ||
| 082 | 0 | 0 | _a495 WEA 1982 A023 Or. |
| 100 | 1 | _aMiller, Roy Andrew. | |
| 245 | 1 | 0 |
_aJapan's modern myth : _bthe language and beyond / |
| 250 | _a1st ed. | ||
| 260 |
_aNew York : _bWeatherhill, _c1982. |
||
| 300 |
_axii, 298 p. ; _c23 cm. |
||
| 500 | _aIncludes index. | ||
| 650 | 0 | _aJapanese language. | |
| 650 | 0 | _aNational characteristics, Japanese. | |
| 942 | _cEK | ||
| 999 |
_c14420 _d14420 |
||